経済用語早わかり読本
שמור ב:
| מחבר ראשי: | |
|---|---|
| פורמט: | ספר |
| יצא לאור: |
PHP研究所
1993
|
| תגים: |
הוספת תג
אין תגיות, היה/י הראשונ/ה לתייג את הרשומה!
|
| Thư viện lưu trữ: | Mạng thư viện Đại học Đà Nẵng |
|---|
| LEADER | 00556nam a2200229 a 4500 | ||
|---|---|---|---|
| 001 | 000029264 | ||
| 003 | 14926 | ||
| 005 | 20171030145630.0 | ||
| 008 | 171030s1993 | ||
| 040 | |a LTT | ||
| 082 | 0 | |a 330.03 |b IR-Y | |
| 100 | 1 | |a 入江 雄吉 (Irie Yukichi) | |
| 245 | 0 | 0 | |a 経済用語早わかり読本 |c 入江雄吉. |
| 260 | |b PHP研究所 |c 1993 | ||
| 500 | |a SAIKA | ||
| OWN | |a LTT | ||
| 999 | |a From the UDN01 | ||
| TYP | |a Monograph | ||
| TYP | |a Printed language | ||
| 980 | |a Mạng thư viện Đại học Đà Nẵng | ||